VHDL for programmable logic / (Record no. 23965)
[ view plain ]
| 000 -LEADER | |
|---|---|
| fixed length control field | 01163 a2200241 4500 |
| 003 - CONTROL NUMBER IDENTIFIER | |
| control field | NUST |
| 005 - DATE AND TIME OF LATEST TRANSACTION | |
| control field | 20170622112102.0 |
| 008 - FIXED-LENGTH DATA ELEMENTS--GENERAL INFORMATION | |
| fixed length control field | 170622b xxu||||| |||| 00| 0 eng d |
| 010 ## - LIBRARY OF CONGRESS CONTROL NUMBER | |
| LC control number | 96016472 |
| 020 ## - INTERNATIONAL STANDARD BOOK NUMBER | |
| International Standard Book Number | 0201895730 |
| 040 ## - CATALOGING SOURCE | |
| Transcribing agency | NUST |
| Original cataloging agency | DLC |
| Language of cataloging | DLC |
| 050 ## - LIBRARY OF CONGRESS CALL NUMBER | |
| Classification number | 621.39/5 SKA |
| 082 00 - DEWEY DECIMAL CLASSIFICATION NUMBER | |
| Classification number | 621.39/5 SKA |
| 100 1# - MAIN ENTRY--PERSONAL NAME | |
| Personal name | Kevin. Skahill |
| 9 (RLIN) | 3073 |
| 245 10 - TITLE STATEMENT | |
| Title | VHDL for programmable logic / |
| Statement of responsibility, etc. | Kevin Skahill ; contributors, Jay Legenhausen ... [et al.]. |
| 260 ## - PUBLICATION, DISTRIBUTION, ETC. | |
| Place of publication, distribution, etc. | Reading, Mass. : |
| Name of publisher, distributor, etc. | Addison-Wesley, |
| Date of publication, distribution, etc. | c1996. |
| 300 ## - PHYSICAL DESCRIPTION | |
| Extent | xiv, 593 p. : |
| Other physical details | ill. ; |
| Dimensions | 24 cm. + |
| Accompanying material | 1 computer laser optical disc (4 3/4 in.) |
| 505 ## - FORMATTED CONTENTS NOTE | |
| Formatted contents note | 1.introduction (page 1)2.programmable logic primer(page 25)3.entities and architectures(page 105)4.creating combinational and synchronous logic(page 159)5.state machine design(page 231)6.hierarchy in large designs(page 293)7.functions and procedures(page 379)8.synthesis and design implementation(page 415)9.optimizing data paths(page 501)10.creating test benches(page 541) |
| 538 ## - SYSTEM DETAILS NOTE | |
| System details note | |
| Display text | Shelf # 09, Row # 2, History & Digital Design. |
| 650 #0 - SUBJECT ADDED ENTRY--TOPICAL TERM | |
| Topical term or geographic name entry element | Logic design |
| General subdivision | Data processing. |
| 9 (RLIN) | 2936 |
| 650 #0 - SUBJECT ADDED ENTRY--TOPICAL TERM | |
| Topical term or geographic name entry element | Programmable logic devices |
| General subdivision | Design |
| -- | Data processing. |
| 9 (RLIN) | 3074 |
| 650 #0 - SUBJECT ADDED ENTRY--TOPICAL TERM | |
| Topical term or geographic name entry element | VHDL (Computer hardware description language) |
| 9 (RLIN) | 2937 |
| 700 1# - ADDED ENTRY--PERSONAL NAME | |
| Personal name | Legenhausen, Jay. |
| 9 (RLIN) | 3075 |
| 942 ## - ADDED ENTRY ELEMENTS (KOHA) | |
| Source of classification or shelving scheme | |
| Koha item type | Book |
| Classification part | 621.39/5 SKA |
| Withdrawn status | Lost status | Source of classification or shelving scheme | Damaged status | Not for loan | Permanent Location | Current Location | Shelving location | Date acquired | Full call number | Barcode | Date last seen | Price effective from | Koha item type |
|---|---|---|---|---|---|---|---|---|---|---|---|---|---|
| NUST Baluchistan Campus (NBC) | NUST Baluchistan Campus (NBC) | General Stacks | 04/29/2014 | 621.39SSKA | RCMS000388 | 04/29/2014 | 04/29/2014 | Book | |||||
| NUST Baluchistan Campus (NBC) | NUST Baluchistan Campus (NBC) | General Stacks | 04/29/2014 | 621.39SSKA | RCMS000389 | 04/29/2014 | 04/29/2014 | Book |
